Responses for Show #7701 - Monday, February 19, 2018

Rob Worman game 4.

Contestants

[<< previous game]

Florence Garbini, a pilot from Brighton, Colorado

Kate Logan, a medical transcriptionist from Hoosick Falls, New York

Rob Worman, an escalation manager from Edina, Minnesota (whose 3-day cash winnings total $54,299)

[next game >>]

Jeopardy! Round responses

THE COMPANY'S ANIMAL MASCOT
MYSTERY & CRIME NOVELS
TABLE TENNIS, ANYONE?
"LADY"
STICKY STUFF
THE G8
    $200 11
a tuna

Rob
    $200 3
(Florence: What is a detective?)

a psychiatrist

Florence
Triple Stumper
    $200 27
[The end-of-round signal sounds.]

China

Rob
    $200 5
First Lady of the United States

Kate
    $200 25
Post-it notes

Kate
    $400 14
the Energizer Bunny

Rob
    $400 4
a coffee shop

Florence
    $400 6
Lady Godiva

Florence
    $400 26
plaque

Kate
    $600 12
Joe Camel

Kate
    $600 10
the Vietnam War

Triple Stumper
    $600 17
the serve

Rob
    $600 7
Lady of (or with) the Lamp

Florence
    $600 20
Sticky Fingers

Rob
    $600 1
Crimea

Rob
    $800 15
(René) Lacoste

Florence
    $800 13
(Rob: What is Norway?)
(Kate: What is Finland?)
(Alex: [As Florence rings in] Florence, they narrowed it down.)
(Florence: What is Sweden?)

Denmark

RobKateFlorence
Triple Stumper
    $800 18
the handshake

Rob
    $800 8
(Florence: What is Johannesburg?)

Ladysmith

Florence
Triple Stumper
    $800 21
(Rob: What is Super Glue?)

Krazy Glue

Rob
Triple Stumper
    $800 2
(Kate: What is East Germany? West--)
(Alex: [Overlapping] No.)
(Kate: --Germany. Excuse me.)
(Alex: Say it--)
(Kate: What is [*]?)
(Alex: Yes, you corrected yourself. Good.)

West Germany

Kate
    $1000 16
Red Bull

Rob
    $1000 24
Brother Cadfael

Kate
    $1000 19
a bat

Rob
    $1000 9
a lady's slipper

Kate
    $3,600 22
(Alex: And we have less than a minute to go.)

tarring and feathering

Rob
    $1000 23
sherpas

Rob

Scores at the first commercial break (after clue 15):

Rob Kate Florence
$400 $1,800 $400

Scores at the end of the Jeopardy! Round:

Rob Kate Florence
$8,400 $3,400 $400

Double Jeopardy! Round responses

MILITARY GAME PLANS
TAYLOR MADE
IT'S ALL A MIRAGE
1970s MOVIES
REGION NAME'S THE SAME
THE "G" 8
    $400 1
Taylor Swift

Rob
    $400 9
an oasis

Florence
    $400 5
Jaws

Rob
    $400 23
Simon Bolivar

Rob
    $800 4
Samuel Taylor Coleridge

Kate
    $800 10
Yom Kippur

Rob
    $800 22
(Kate: What is The Omen?)
(Rob: What is The Amityville Horror?)

The Exorcist

RobKate
Triple Stumper
    $1200 21
(Alex: With less than a minute now.)

Genghis Khan

Kate
    $1200 15
Enterprise

Rob
    $1200 11
refraction

Rob
    $1200 6
Westworld

Rob
    $4,000 18
the Red Sea

Rob
    $1200 2
gearhead

Triple Stumper
    $1600 24
Xerxes

Florence
    $4,000 16
Chuck Taylor

Rob
    $1600 12
Lawrence of Arabia, or T.E. Lawrence

Triple Stumper
    $1600 7
Chinatown

Triple Stumper
    $1600 19
(Florence: What is Sacramento?)
(Kate: What is the Grail?)

Santa Cruz

KateFlorence
Triple Stumper
    $1600 3
(Rob: What is Gibraltar?)

Golgotha

RobKate
    $2000 25
[The end-of-round signal sounds.]

George S. Patton

Triple Stumper
    $2000 17
quarks

Rob
    $2000 13
(Kate: Who is Morgan le Fay?)

the Fata Morgana

Kate
Triple Stumper
    $2000 8
The Rose

Kate
    $2000 20
(Florence: What is Gibraltar?)

Malta

Florence
Triple Stumper
    $2000 14
(Kate: What is a grackle?)

a grosbeak

Kate
Triple Stumper

Scores at the end of the Double Jeopardy! Round:

Rob Kate Florence
$21,600 $2,600 -$1,200
(lock game)

[wagering suggestions for these scores]

Final Jeopardy! Round responses

THE SUPREME COURT
(Alex: [To Kate] If I can't make out what you have written out there, you have the right to remain silent.)
KateWho is Miranda?
$2,600
RobWho is Miranda?
$16,399
Ernesto Miranda

Final scores:

Rob Kate Florence
$37,999 $5,200 -$1,200
4-day champion: $92,298 2nd place: $2,000 3rd place: $1,000

Game dynamics:

Coryat scores:

Rob Kate Florence
$13,800 $2,600 -$1,200
21 R
(including 3 DDs),
4 W
11 R,
5 W
6 R,
5 W

Combined Coryat: $15,200

[game clues] [game scores] [suggest correction]

Game tape date: 2017-11-28
The J! Archive is created by fans, for fans. Scraping, republication, monetization, and malicious use prohibited; this site may use cookies and collect identifying information. See terms. The Jeopardy! game show and all elements thereof, including but not limited to copyright and trademark thereto, are the property of Jeopardy Productions, Inc. and are protected under law. This website is not affiliated with, sponsored by, or operated by Jeopardy Productions, Inc. Join the discussion at JBoard.tv.